| 000 -LEADER |
| fixed length control field |
00634nam a22001697a 4500 |
| 005 - DATE AND TIME OF LATEST TRANSACTION |
| control field |
20150602072621.0 |
| 008 - FIXED-LENGTH DATA ELEMENTS--GENERAL INFORMATION |
| fixed length control field |
150602b xxu||||| |||| 00| 0 eng d |
| 041 0# - LANGUAGE CODE |
| Language code of text/sound track or separate title |
eng |
| 080 ## - UNIVERSAL DECIMAL CLASSIFICATION NUMBER |
| Universal Decimal Classification number |
519.717 |
| 100 ## - Rafti |
| Rafti |
Hamilton. Ian |
| 245 ## - TITLE STATEMENT |
| Title |
Transformation of cities in Central and Eastern Europe : |
| Statement of responsibility, etc |
edited by F.E. Ian Hamilton, Kaliopa Dimitrovska Andrews, and Nataša Pichler-Milanović. |
| 260 ## - |
| -- |
Tokyo ; |
| -- |
United Nations University Press, |
| -- |
c2005. |
| 300 ## - |
| -- |
xvi, 519 f. : |
| -- |
me il.; |
| -- |
24 cm. |
| 650 #0 - |
| -- |
Transformimi i qyteteve ne europen qendrore dhe lindore |
| 700 1# - |
| -- |
Ian Hamilton |
| 942 ## - ADDED ENTRY ELEMENTS (KOHA) |
| Source of classification or shelving scheme |
|
| Item type |
Books |